| 000 | 00519nam a2200205Ia 4500 | ||
|---|---|---|---|
| 003 | OSt | ||
| 005 | 20230626104254.0 | ||
| 008 | 210423s9999 xx 000 0 und d | ||
| 020 | _a9788183763509 | ||
| 040 | _cAL | ||
| 041 | _aeng | ||
| 082 |
_a810 _223 _bSHAR |
||
| 100 |
_aSHANKAR (R). _994031 |
||
| 245 | _aContemporary american literature. | ||
| 260 |
_bA B D Publishers _aJaipur _c2013 |
||
| 300 |
_avi,328 _bHB |
||
| 365 |
_b1195 _cINR |
||
| 906 | _aamerican ; Contemporary ; literature. | ||
| 942 |
_2ddc _cBK |
||
| 999 |
_c161209 _d161209 |
||